000 00868nam a2200241Ia 4500
003 OSt
005 20220918221451.0
006 a|||||r|||| 00| 0
007 ta
008 220917b |||||||| |||| 00| 0 eng d
024 _a176,790
037 _cTextual
040 _aARTS
_cARTS
_beng
041 _2eng
_aeng
082 _aP:7p1N97, N7 (SC)
245 0 _aMetaphor in cognitive linguistics
_b selected papers from the fifth international cognitive linguistics conference edited by Raymond D. Gibbs and Gerard J. Steen
260 _aAmsterdam
_bJohn Benjamins Publishing Company
_c1997
300 _aviii, 225p.
_ccm.
490 _aAmsterdam studies in the theory and history of linguistic science. Current issues in linguistic theory; V175
650 _aLINGUISTICS
942 _hP:7p1N97, N7 (SC)
_cTEXL
_2CC
999 _c272618
_d272618